Centralización de alarmas del centro de control (129) del I.C.E
Enregistré dans:
| Auteur principal: | |
|---|---|
| Format: | Livre |
| Publié: |
San José, Costa Rica
1992
|
| Sujets: | |
| Tags: |
Ajouter un tag
Pas de tags, Soyez le premier à ajouter un tag!
|
MARC
| LEADER | 00000nam a2200000Ia 4500 | ||
|---|---|---|---|
| 003 | 005492 | ||
| 005 | 20221231144322.0 | ||
| 008 | 140114s1992 cr a m 000 ||s d | ||
| 040 | |c cru CEDI | ||
| 090 | |a TFG 2624 | ||
| 100 | |a Zumbado Vargas, Douglas Francisco |9 12400 | ||
| 245 | |a Centralización de alarmas del centro de control (129) del I.C.E | ||
| 260 | |c 1992 |a San José, Costa Rica | ||
| 300 | |a vii, 175 hojas : ilustraciones ; 28 cm | ||
| 500 | |a Proyecto de graducación (bachillerato en ingeniería eléctrica)--Universidad de Costa Rica. Facultad de Ingenieria. Escuela de Ingeniería Eléctrica | ||
| 650 | |x SISTEMAS ELECTRONICOS DE ALARMA - AUTOMATIZACION |9 8770 | ||
| 942 | |c TFG |2 ddc | ||
| 999 | |c 20083 |d 20083 | ||
